[Event "54smm B Groeden3-Steinegg"]
[Site "?"]
[Date "2023.03.11"]
[Round "9.2"]
[White "Piazza, Alex"]
[Black "Pichler, Martin"]
[Result "0-1"]
[WhiteElo "1126"]
[BlackElo "1870"]
[PlyCount "70"]
[EventDate "2023.03.11"]

1. Nf3 g6 2. d4 Bg7 3. g3 Nf6 4. Bg2 O-O 5. Nbd2 d6 6. O-O Nbd7 7. e4 e5 8. c3
Re8 9. Re1 Nf8 10. Nc4 Be6 11. d5 Bd7 12. h3 h6 13. Qb3 Rb8 14. Be3 b6 15. Ncd2
g5 16. Kh2 g4 17. Ng1 gxh3 18. Bxh3 Ng4+ 19. Bxg4 Bxg4 20. f3 Bd7 21. Ne2 Nh7
22. Rh1 Ng5 23. f4 exf4 24. gxf4 Nxe4 25. Qc2 Qh4+ 26. Kg2 Qg4+ 27. Kf1 Nxd2+
28. Qxd2 Qf3+ 29. Kg1 Rxe3 30. Rh2 Rbe8 31. Re1 Bb5 32. Rf2 Qe4 33. Ng3 Rxg3+
34. Kh2 Re3 35. Rb1 Qxb1 0-1

[Event "54smm B Groeden3-Steinegg"]
[Site "?"]
[Date "2023.03.11"]
[Round "9.3"]
[White "Engl, Alexander"]
[Black "Falvo, Igor"]
[Result "1-0"]
[WhiteElo "1850"]
[BlackElo "1041"]
[PlyCount "119"]
[EventDate "2023.03.11"]

1. f4 d5 2. Nf3 Nf6 3. g3 Bf5 4. Bg2 e6 5. O-O c5 6. d3 Nc6 7. Qe1 h6 8. Nc3
Qb6 9. e4 dxe4 10. dxe4 Bh7 11. Kh1 Rd8 12. b3 Be7 13. Qe2 O-O 14. Bb2 Rd7 15.
Rad1 Rfd8 16. Rxd7 Rxd7 17. h3 Qc7 18. e5 Nh5 19. Kh2 Qd8 20. Ne4 Bxe4 21. Qxe4
g6 22. g4 Ng7 23. Rf2 Nd4 24. Nxd4 cxd4 25. Rd2 Bc5 26. Qd3 h5 27. Kg3 g5 28.
Rf2 gxf4+ 29. Rxf4 Qg5 30. Qe4 d3 31. cxd3 Bg1 32. Bf1 Rc7 33. d4 Bh2+ 34. Kxh2
Rc2+ 35. Qxc2 Qxf4+ 36. Kg1 Qg3+ 37. Qg2 Qe3+ 38. Kh1 h4 39. Qxb7 Qf2 40. Qg2
Qe1 41. Kh2 Qe3 42. b4 Ne8 43. Bc4 Qf4+ 44. Kh1 Qe3 45. d5 exd5 46. Bxd5 Nc7
47. Bb3 Qe1+ 48. Kh2 Qe3 49. g5 Qf4+ 50. Kh1 Qxb4 51. g6 Qe1+ 52. Kh2 Kf8 53.
g7+ Ke7 54. Ba3+ Kd7 55. Ba4+ Ke6 56. Qg4+ Kd5 57. Qd7+ Ke4 58. Bc2+ Kf4 59.
Qf5+ Ke3 60. Qe4+ 1-0

[Event "54smm B Richter/Lask2-Kaltern/Tramin2"]
[Site "?"]
[Date "2023.03.11"]
[Round "9.1"]
[White "Leimgruber, Erich"]
[Black "Buglisi, Massimo"]
[Result "0-1"]
[WhiteElo "1550"]
[BlackElo "1909"]
[PlyCount "50"]
[EventDate "2023.03.11"]

1. e4 c5 2. Nf3 Nc6 3. d4 cxd4 4. Nxd4 Nf6 5. Nxc6 bxc6 6. Nc3 e5 7. h3 Bb4 8.
Bd3 O-O 9. O-O d5 10. exd5 cxd5 11. Bg5 Bb7 12. Ne2 h6 13. Bxf6 Qxf6 14. c3 Bc5
15. Ng3 e4 16. Be2 Qe5 17. Kh1 f5 18. Bb5 f4 19. Ne2 f3 20. Nd4 fxg2+ 21. Kxg2
Bd6 22. Rh1 Rxf2+ 23. Kxf2 Qg3+ 24. Ke2 Qg2+ 25. Ke3 Bf4+ 0-1

[Event "54smm B Richter/Lask2-Kaltern/Tramin2"]
[Site "?"]
[Date "2023.03.11"]
[Round "9.2"]
[White "Pangrazzi, Marco"]
[Black "Enderle, Helmut"]
[Result "1-0"]
[WhiteElo "2153"]
[BlackElo "1481"]
[PlyCount "51"]
[EventDate "2023.03.11"]

1. e4 e5 2. f4 exf4 3. Bc4 Nc6 4. d4 d6 5. Bxf4 g6 6. Nf3 Bg4 7. O-O Qd7 8. Nc3
Bg7 9. Be3 Nge7 10. Bxf7+ Kd8 11. Qd3 h6 12. Nh4 a5 13. Nxg6 Nxg6 14. Bxg6 Rf8
15. Rxf8+ Bxf8 16. Rf1 Qg7 17. Rf7 Qh8 18. Qf1 Be7 19. Nd5 Be6 20. Nxe7 Bxf7
21. Nxc6+ bxc6 22. Qxf7 Rb8 23. Bf5 Qe8 24. Qf6+ Qe7 25. Qh8+ Qe8 26. Qxh6 1-0

[Event "54smm B Richter/Lask2-Kaltern/Tramin2"]
[Site "?"]
[Date "2023.03.11"]
[Round "9.3"]
[White "Steinegger, Egon"]
[Black "Fongarolli, Diego"]
[Result "1/2-1/2"]
[WhiteElo "1506"]
[BlackElo "1904"]
[PlyCount "38"]
[EventDate "2023.03.11"]

1. e4 c5 2. Nf3 d6 3. d4 cxd4 4. Nxd4 Nf6 5. Nc3 a6 6. Be2 e5 7. Nf3 Be7 8. O-O
O-O 9. Bg5 Be6 10. Bxf6 Bxf6 11. Nd5 Be7 12. c4 Nc6 13. Qb3 Rb8 14. Rfd1 f5 15.
Qd3 fxe4 16. Qxe4 Bg5 17. Nxg5 Qxg5 18. f4 Qf5 19. Qxf5 Bxf5 1/2-1/2

[Event "54smm B Richter/Lask2-Kaltern/Tramin2"]
[Site "?"]
[Date "2023.03.11"]
[Round "9.4"]
[White "Kowalczyk, Martin"]
[Black "Sanin, Wilfried"]
[Result "1-0"]
[WhiteElo "1782"]
[BlackElo "1441"]
[PlyCount "73"]
[EventDate "2023.03.11"]

1. e4 b6 2. Bc4 Bb7 3. Nf3 Bxe4 4. Bxf7+ Kxf7 5. Ng5+ Ke8 6. Nxe4 Nf6 7. Qe2
Nxe4 8. Qxe4 Nc6 9. Nc3 e6 10. d4 Be7 11. d5 exd5 12. Nxd5 h6 13. O-O Kf7 14.
Qf4+ Bf6 15. Nxc7 Rc8 16. Nb5 Kg8 17. Nd6 Ra8 18. Qc4+ Kh7 19. Nf7 Qg8 20. Qd3+
g6 21. Nxh8 Kxh8 22. Qxd7 Ne5 23. Qd6 Bg7 24. Bxh6 Nf7 25. Bxg7+ Kxg7 26. Qd4+
Kh7 27. Rfe1 Rd8 28. Qh4+ Kg7 29. Rad1 Rc8 30. c3 Rc5 31. Rd7 a5 32. Ree7 Rf5
33. Qd4+ Kh6 34. Qxb6 Qg7 35. Qa7 Re5 36. Rxe5 Qxe5 37. Qe3+ 1-0

[Event "54smm B Taufers-Ridnaun"]
[Site "?"]
[Date "2023.03.11"]
[Round "9.2"]
[White "Forer, Erich"]
[Black "Helfer, August"]
[Result "1/2-1/2"]
[WhiteElo "1808"]
[BlackElo "1654"]
[PlyCount "20"]
[EventDate "2023.03.11"]

1. d4 e6 2. c4 d6 3. Nc3 g6 4. Nf3 Bg7 5. e3 Ne7 6. Bd3 a6 7. b3 c5 8. Bd2 Nbc6
9. Rc1 Nb4 10. Bb1 Nbc6 1/2-1/2

[Event "54smm B Taufers-Ridnaun"]
[Site "?"]
[Date "2023.03.11"]
[Round "9.4"]
[White "Innerbichler, Robert"]
[Black "Helfer, Sieghard"]
[Result "1/2-1/2"]
[WhiteElo "1419"]
[BlackElo "1547"]
[PlyCount "21"]
[EventDate "2023.03.11"]

1. e4 g6 2. d4 Bg7 3. f4 d6 4. Nf3 e6 5. Bc4 Ne7 6. O-O Nd7 7. Be3 c5 8. c3 O-O
9. dxc5 Nxc5 10. Bxc5 dxc5 11. Qxd8 1/2-1/2

[Event "54smm B Taufers-Ridnaun"]
[Site "?"]
[Date "2023.03.11"]
[Round "9.5"]
[White "Gasteiger, Josef"]
[Black "Weger, Florian"]
[Result "1/2-1/2"]
[WhiteElo "1379"]
[BlackElo "1218"]
[PlyCount "24"]
[EventDate "2023.03.11"]

1. c4 Nf6 2. Nc3 g6 3. Nf3 Bg7 4. g3 O-O 5. Bg2 Nc6 6. O-O e5 7. d4 Nxd4 8.
Nxd4 exd4 9. Qxd4 Ne8 10. Qe4 d6 11. Nd5 Nf6 12. Nxf6+ Qxf6 1/2-1/2